000 00431nam a2200181Ia 4500
001 23318
005 20260414150929.0
008 260414t2002||||xx |||||||||||||| ||spa||
041 _aESP
082 _a629.283019
_bF94
100 _aFuller, Ray
_eAUT
245 0 _aHuman factors for highway engineers
_b
260 _c2002
300 _a325 páginas :
_c26 cm.
650 _aCNM
654 _aCCN
942 _cLIB
_dJUS
_fJUS
_2ddc
_n
999 _c23318
_d23318